Kajian kemahiran bertutur dan mendengar dalam kalangan murid sekolah menengah/
Saved in:
| Main Author: | |
|---|---|
| Format: | Thesis Book |
| Language: | Malay |
| Published: |
2009.
|
| Subjects: | |
| Tags: |
Add Tag
No Tags, Be the first to tag this record!
|
| LEADER | 01268nam a2200313 i 4500 | ||
|---|---|---|---|
| 001 | u1111930 | ||
| 003 | SIRSI | ||
| 005 | 201904251228 | ||
| 008 | 190425s2009 my a m 000 0 may | ||
| 040 | |a UMM |e rda | ||
| 043 | |a a-my--- | ||
| 090 | |a LB7 |b A2 UM 2009 Ruham | ||
| 100 | 0 | |a Ruhaidah Abd Manaf, |e author. | |
| 245 | 1 | 0 | |a Kajian kemahiran bertutur dan mendengar dalam kalangan murid sekolah menengah/ |c Ruhaidah Binti Abd Manaf. |
| 264 | 1 | |c 2009. | |
| 300 | |a x, 101 leaves : |b illustrations ; |c 30 cm | ||
| 336 | |a text |2 rdacontent | ||
| 337 | |a unmediated |2 rdamedia | ||
| 338 | |a volume |2 rdacarrier | ||
| 502 | |b M.Ed.Lang. |c Jabatan Pendidikan Bahasa dan Literasi, Fakulti Pendidikan Universiti Malaya |d 2009. | ||
| 650 | 0 | |a Malay language |x Study and teaching (Secondary) |z Malaysia. | |
| 650 | 0 | |a Malay language |x Spoken Malay |x Study and teaching (Secondary) |z Malaysia. | |
| 650 | 0 | |a Malay language |x Conversation and phrase books. | |
| 650 | 0 | |a Malay language |x Usage. | |
| 504 | |a Bibliography: leaves 99-101. | ||
| 710 | 2 | |a Universiti Malaya. |b Jabatan Pendidikan Bahasa dan Literasi, |e degree granting institution. | |
| 900 | |a US | ||
| 596 | |a 8 | ||
| 999 | |a LB7 A2 UM 2009 RUHAM |w LC |c 1 |i A517750109 |f 18/7/2022 |g 1 |l STACKS |m P08PENDIDI |r Y |s Y |t TESIS |u 18/7/2022 |1 AHSS | ||
